000
00184 a2200097 4500
020
_a
9780794541439
041
_a
eng
100
_a
Mackinnon, Mairi
245
_a
Pirate pat
942
_c
BK
999
_c
31673
_d
31671